Forschung mit Haltung: Tagungsbericht zum Symposium am 12. März 2025 anlässlich des 60. Geburtstags von Renate Bitzan in Nürnberg

Saved in:  
Bibliographic Details
Authors: Rösch, Viktoria (Author) ; Köttig, Michaela 1965- (Author) ; Matthies, Paula (Author)
Format: Electronic Article
Language:German
Published: 2025
In: ZRex
Year: 2025, Volume: 5, Issue: 2, Pages: 317-319
Online Access: Volltext (kostenfrei)
Rights Information:CC BY 4.0
Check availability: HBZ Gateway

MARC

LEADER 00000naa a2200000 c 4500
001 1939927471
003 DE-627
005 20251103111054.0
007 cr uuu---uuuuu
008 251103s2025 xx |||||o 00| ||ger c
035 |a (DE-627)1939927471 
035 |a (DE-599)KXP1939927471 
040 |a DE-627  |b ger  |c DE-627  |e rda 
041 |a ger 
084 |a 2,1  |2 ssgn 
100 1 |a Rösch, Viktoria  |e VerfasserIn  |0 (DE-588)1320648045  |0 (DE-627)1881200205  |4 aut 
109 |a Rösch, Viktoria 
245 1 0 |a Forschung mit Haltung: Tagungsbericht zum Symposium am 12. März 2025 anlässlich des 60. Geburtstags von Renate Bitzan in Nürnberg  |c Viktoria Rösch, Michaela Köttig & Paula Matthies 
264 1 |c 2025 
336 |a Text  |b txt  |2 rdacontent 
337 |a Computermedien  |b c  |2 rdamedia 
338 |a Online-Ressource  |b cr  |2 rdacarrier 
506 0 |a Open Access  |e Controlled Vocabulary for Access Rights  |q DE-2619  |u http://purl.org/coar/access_right/c_abf2 
540 |q DE-2619  |a Namensnennung 4.0 International  |f CC BY 4.0  |2 cc  |u https://creativecommons.org/licenses/by/4.0/ 
700 1 |a Köttig, Michaela  |d 1965-  |e VerfasserIn  |0 (DE-588)129519871  |0 (DE-627)471007552  |0 (DE-576)188176527  |4 aut 
700 1 |a Matthies, Paula  |e VerfasserIn  |4 aut 
773 0 8 |i Enthalten in  |t ZRex  |d Leverkusen-Opladen : Verlag Barbara Budrich, 2021  |g 5(2025), 2, Seite 317-319  |h Online-Ressource  |w (DE-627)1728794080  |w (DE-600)3036280-5  |x 2701-9632  |7 nnas 
773 1 8 |g volume:5  |g year:2025  |g number:2  |g pages:317-319 
856 4 0 |u https://doi.org/10.3224/zrex.v5i2.10  |x Verlag  |z kostenfrei  |3 Volltext  |7 0 
951 |a AR 
ELC |a 1 
LOK |0 000 xxxxxcx a22 zn 4500 
LOK |0 001 479569141X 
LOK |0 003 DE-627 
LOK |0 004 1939927471 
LOK |0 005 20251103110323 
LOK |0 008 251103||||||||||||||||ger||||||| 
LOK |0 040   |a DE-2619  |c DE-627  |d DE-2619 
LOK |0 092   |o n 
LOK |0 852   |a DE-2619 
LOK |0 852 1  |9 00 
LOK |0 939   |a 03-11-25  |b l01 
OAS |a 1 
ORI |a SA-MARC-krimdoka001.raw